• 首页
  • 本馆介绍
  • 公告通知
  • 最新文献
  • 馆藏检索
  • 电子资源
  • 读者导购
  • 参考咨询
  • 我的图书馆
  • 登录
  • 详细信息显示
  • 放入我的书架
  • 预约/预借图书
  • 作者相关作品
  • 分类相关作品
  • 丛书相关作品
  • 出版社相关作品

书目信息

  • 表格格式
  • 工作单格式
  • 卡片格式
题名:
大学体育教程
    
 
作者: 刘忠武 主编
分册:  
出版信息: 上海   复旦大学出版社  2004
页数: 375页
开本: 23cm
丛书名:
单 册:
中图分类: G807.4
科图分类:
主题词: 体育--高等学校--教材 , 体育
电子资源:
ISBN: 7-309-04167-4
000 00835nam0 2200265 450
001 05002774003
005 20051129103045.79
010    @a7-309-04167-4@dCNY28.00
092    @aCN
100    @a20050118d2004 ekmy0chiy0120 ea
101 0  @achi
102    @aCN@b310000
105    @aa z 000yy
200 1  @a大学体育教程@9da xue ti yu jiao cheng@f刘忠武主编@Fliu zhong wu zhu bian
210    @a上海@c复旦大学出版社@d2004
215    @a375页@c图@d23cm
300    @a21世纪大学通用基础教材
330    @a本书内容包括高校学生身体质量自我评价、高校体育健康课程、运动技术项目选例、娱乐体育项目选例、休闲体育项目选例、体育竞赛与欣赏。
606 0  @a体育@x高等学校@j教材
606 0  @a体育
690    @aG807.4@v4
701  0 @a刘忠武@Aliu zhong wu@4主编
801  0 @aCN@bCXYBOOK@c20051129
905    @a10447@dG807.4@e152
999    @aHSJ
    
    大学体育教程/刘忠武主编.-上海:复旦大学出版社,2004
    375页:图;23cm
    21世纪大学通用基础教材
    
    ISBN 7-309-04167-4:CNY28.00
    本书内容包括高校学生身体质量自我评价、高校体育健康课程、运动技术项目选例、娱乐体育项目选例、休闲体育项目选例、体育竞赛与欣赏。
●
相关链接 在E读中查询图书 在五车中查询图书 在当当中查询图书 在豆瓣中查询图书


正题名:大学体育教程     索取号:G807.4/152         预约/预借

序号 登录号 条形码 馆藏地/架位号 状态 备注
1 0369661   203696615   第一样本阅览室/ [索取号:G807.4/152] 在馆    
唐山师范学院图书馆 欢迎您!
大连网信软件有限公司© 版权所有